Home Print Resources E-Books E-Journals IIMT Lecture Series Library Membership Form Book Recommendation Form Campus Tour Take AdmissionAbout Us Contact Us

Rice& Risotto (Record no. 7181)

000 -LEADER
fixed length control field 00308nam a2200145Ia 4500
003 - CONTROL NUMBER IDENTIFIER
control field OSt
005 - DATE AND TIME OF LATEST TRANSACTION
control field 20231116065104.0
008 - FIXED-LENGTH DATA ELEMENTS--GENERAL INFORMATION
fixed length control field 170524s9999 xx 000 0 und d
020 ## - INTERNATIONAL STANDARD BOOK NUMBER
International Standard Book Number 0-7548-0403-8
040 ## - CATALOGING SOURCE
Transcribing agency IIMT
100 ## - MAIN ENTRY--PERSONAL NAME
Personal name Ingram
245 #0 - TITLE STATEMENT
Title Rice& Risotto
260 ## - PUBLICATION, DISTRIBUTION, ETC.
Name of publisher, distributor, etc. Loreng books
942 ## - ADDED ENTRY ELEMENTS (KOHA)
Source of classification or shelving scheme
Koha item type Book Bank
Holdings
Withdrawn status Lost status Source of classification or shelving scheme Damaged status Not for loan Home library Current library Date acquired Barcode Date last seen Uniform Resource Identifier Price effective from Koha item type Coded location qualifier Public note
          IIMT University Central Library Meerut IIMT University Central Library Meerut 05/31/2017 01-B-76861 05/31/2017 hotel management 05/31/2017 Book Bank    
          IIMT University Central Library Meerut IIMT University Central Library Meerut 05/31/2017 01-B-76862 05/31/2017 hotel management 05/31/2017 Book Bank / Loan Books Department Central Library to Hotel Management Departmental Library
          IIMT University Central Library Meerut IIMT University Central Library Meerut 05/31/2017 01-B-76863 05/31/2017 hotel management 05/31/2017 Book Bank    
IIMT, Central Library. All Rights Reserved IIMT,UNIVERSITY © 2023
Implemented and Customised by I CLOUDE EMS
You Are OPAC Visitor No
free web counter

Powered by Koha